| 000 | 00531nam a22001817a 4500 | ||
|---|---|---|---|
| 008 | 230622b |||||||| |||| 00| 0 eng d | ||
| 020 | _a0-444-40975-0 | ||
| 040 |
_aNational Science Library _cNational Science Library |
||
| 080 |
_aR 56+57/(4/9)(084) _bL3 |
||
| 245 | _aAtlas of palaeobiogeography | ||
| 260 |
_aAmsterdam: _bElsevier Scientific Publishing Company, _c1973 |
||
| 300 | _axii, 531p. | ||
| 650 | _aAtlas | ||
| 653 | _aGeography | ||
| 653 | _aBiogeography | ||
| 700 | _aA. Hallam (Ed.) | ||
| 942 |
_2udc _cBK |
||
| 999 |
_c46323 _d46323 |
||